Biblioteka Instytutu Północnego w Olsztynie

Allgemeine Zustände des deutschen Volkes : (Rekord nr 27704)

Szczegóły MARC
000 -Nagłówek
fixed length control field 01523nam a2200385 i 4500
001 - Nr kontrolny bibl., która utworzyła rek.
control field xx004082767
003 - Siglum bibl., której nr kontr. jest w 001
control field NUKAT
005 - Data i czas ostatniej operacji
control field 20260420202006.0
008 - Elementy pola stałej długości
fixed length control field 170803s1885 gw |001 0dger c
035 ## - Systemowy numer kontrolny
systemowy numer kontrolny (OCoLC)1003027771
035 ## - Systemowy numer kontrolny
systemowy numer kontrolny (NUKAT)xx004082767
040 ## - Instytucja sporządzająca opis
Instytucja, która sporządziła opis GD U/EB
Instytucja, która sporządziła rekord GD U/EBs
100 1# - Hasło główne-nazwa osobowa
Nazwa osobowa Janssen, Johannes
Daty biograficzne (1829-1891).
9 (RLIN) 40327
245 10 - Tytuł właściwy i oznaczenie odpow.
tytuł Allgemeine Zustände des deutschen Volkes :
dodatek do tytułu seit dem sogenannten Ausburger Religionsfrieden vom Jahre 1555 bis zur Verkündigung der Concordienformel im Jahre 1580 /
dod. inf. ze s. tyt./ozn. odpow. von Johannes Janssen.
250 ## - Oznaczenie wydania
oznaczenie wydania 1. bis 12. Aufl.
260 ## - Adres wydawniczy
miejsce wydania, dystrybucji itp. Freiburg im Breisgau :
nazwa wydawcy, dystrybutora itp. Herder'sche Verlagshandlung,
data wydania, dystrybucji itp. 1885.
300 ## - Opis fizyczny
objętość i/lub forma materiału XXXI, [1], 515, [1] s. ;
format 23 cm.
336 ## - Content Type
Term Tekst
Code txt
Source rdacontent
337 ## - Media Type
Term Bez urządzenia pośredniczącego
Code n
Source rdamedia
338 ## - Carrier Type
Term Wolumin
Code nc
Source rdacarrier
380 ## - Form of work
Form of work Książki
490 1# - Tytuł serii i ks. wielotom.-nie do wysz.
oznaczenie serii Geschichte des deutschen Volkes seit dem Ausgang des Mittelalters / von Johannes Janssen ;
numer woluminu Bd. 4
504 ## - Uwaga o bibliografii
uwaga o bibliografii Indeks.
648 #7 - SUBJECT ADDED ENTRY--CHRONOLOGICAL TERM
Chronological term 1501-1600
Source of heading or term DBN
9 (RLIN) 36032
650 #7 - Hasło przedmiotowe-nazwa pospolita
nazwa pospolita lub geogr. Kontrreformacja
źródło hasła DBN
9 (RLIN) 40329
650 #7 - Hasło przedmiotowe-nazwa pospolita
nazwa pospolita lub geogr. Reformacja
źródło hasła DBN
9 (RLIN) 35694
651 #7 - Hasło przedmiotowe-nazwa geogr.
nazwa geograficzna Europa
źródło hasła DBN
9 (RLIN) 35699
651 #7 - Hasło przedmiotowe-nazwa geogr.
nazwa geograficzna Niemcy
źródło hasła DBN
9 (RLIN) 35243
651 #7 - Hasło przedmiotowe-nazwa geogr.
nazwa geograficzna Niemcy
określnik rzeczowy historia.
źródło hasła kaba
9 (RLIN) 5835
658 ## - Nazwa określająca cel programu nauczania
główny cel programu nauczania Historia
658 ## - Nazwa określająca cel programu nauczania
główny cel programu nauczania Religia i duchowość
710 2# - Hasło dodatkowe - nazwa ciała zbior.
nazwa ciała zbior. lub nazwa geogr. Herdersche Verlagsbuchhandlung.
kod rodzaju współpracy pbl
9 (RLIN) 36009
800 1# - Hasło dod. op. ks. wielotom.-nazwa os.
nazwa osobowa Janssen, Johannes
daty biograficzne (1829-1891).
tytuł pracy Geschichte des deutschen Volkes seit dem Ausgang des Mittelalters
oznaczenie tomu Bd. 4
9 (RLIN) 40328
942 ## - ADDED ENTRY ELEMENTS (KOHA)
Source of classification or shelving scheme Dewey Decimal Classification
Koha item type pozycje dostępne na miejscu
Egzemplarze
Status wycofania Status zagubienia Klasyfikacja Status uszkodzenia Blokada wypożyczeń Kolekcja Lokalizacja macierzysta Lokalizacja bieżąca Data nabycia Numer akcesji Źródło akcesji Nr inwentarzowy il. wypożyczeń Sygnatura Kod kreskowy Date last seen Price effective from Typ egz.
    Dewey Decimal Classification nieuszkodzona   Pracownia Badań Księgozbiorów Historycznych Biblioteka Instytutu Północnego w Olsztynie Pracownia Badań Księgozbiorów Historycznych 20/04/2026 W-52/1965 wymiana 16310/4   16310/4 IPWK16666 20/04/2026 20/04/2026 pozycje dostępne na miejscu
Biblioteka Instytutu Północnego, ul. Partyzantów 87, 10-402 Olsztyn, email: biblioteka(at)ip.olsztyn.pl